| 000 | 00712nam a2200229Ia 4500 | ||
|---|---|---|---|
| 003 | OSt | ||
| 005 | 20220925204551.0 | ||
| 006 | a|||||r|||| 00| 0 | ||
| 007 | ta | ||
| 008 | 220923b |||||||| |||| 00| 0 eng d | ||
| 020 | _a071080290 | ||
| 037 | _cGeneral Book | ||
| 040 |
_aRTL _cRTL _beng |
||
| 041 |
_2eng _aeng |
||
| 082 | _aX6xM83:g, M6/TD3 | ||
| 100 |
_aFRANK Jeff _9268775 |
||
| 245 | 0 |
_aNew Keynesian economics _b Unemployment search New keynesian economics Unempoyment, search and contracting |
|
| 260 |
_aGreat _bBritain Wheatsheaf Books _c1986 |
||
| 300 |
_axvii,283p. _ccm. |
||
| 942 |
_hX6xM83:g, M6/TD3 _cGB _2CC |
||
| 999 |
_c549782 _d549782 |
||